00489 2200193 4500001002100000005001500021035002000036008004100056245006900097100001700166250000600183260003800189300001200227084001400239082000800253650001000261990001200271990001200283INLIS00000000000096620240530103146 a0010-0524000201240530 1 ind 1 aOnly You; My One And Only It's You And Always You /cCho Park Ha aPark Ha, Cho a1 aYogyakarta :bSheila/ Andi,c2014 a294 hlm a813 CHO o a813 4aFiksi a0741686 a0741687